| 000 | 02066nam a2200265 a 4500 | ||
|---|---|---|---|
| 001 | 000925596 | ||
| 003 | AM-YeHGA | ||
| 005 | 20250617145715.0 | ||
| 008 | 121107s1975 ru r 000 0 rus d | ||
| 040 | _aAM-YeHGA | ||
| 041 | 0 | _arus | |
| 100 | 1 | _aПопова, Ирина Сергеевна | |
| 245 | 1 | 0 |
_aЭкономическая эффективность производства молока и мяса крупного рогатого скота в животноводческих комплексах : _bЛекция для студентов-заочников по специальностям: 1506 - "Зоотехния", 1715 - "Экономика и организация сельского хозяйства" и для слушателей одногодичного заочного экономического факультета повышения квалификации руководящих кадров и специалистов сельского хозяйства / _cИ.С. Попова, Н.М. Чеботарева; МСХ СССР; Гл. упр. высш. и сред. с.-х. образования; ВСХИ заочного образования. |
| 260 |
_aМосква : _bБ. и., _c1975. |
||
| 300 |
_a48 с. : _bтабл. ; _c20 см. |
||
| 500 | _aКн. опис. по обл. | ||
| 504 | _aБиблиогр. в конце кн. и подстроч. примеч. | ||
| 650 | 1 | 4 |
_aКрупный рогатый скот _xПроизводство молока |
| 650 | 1 | 4 |
_aКрупный рогатый скот _xПроизводство мяса |
| 700 | 1 | _aЧеботарева, Нина Михайловна | |
| 710 | 2 | _aМинистерство сельского хозяйства CССР | |
| 710 | 2 | _aГлавное управление высшего и среднего сельскохозяйственного образования | |
| 710 | 2 | _aВсесоюзный сельскохозяйственный институт заочного образования | |
| 090 | _c318959 | ||
| 999 |
_c317230 _d317230 |
||